000 00553nam a2200181 i 4500
001 31110
003 ES-MaACL
005 20230906154318.0
007 t|
008 030128s1967 sp ||||1| spa d
100 1 _aBatzan Vergara, Francisco.
_926499
245 1 0 _aManual Informativo de la Villa de Madrid /
_cpor Francisco Batzan Vergara.
260 _aMadrid :
_bAyuntamiento de Madrid,
_c1967.
300 _a142 p., 1 lám. ;
_c25 cm.
710 1 _aMadrid.
_bAyuntamiento
_9234069
852 _aES-MaACL
_jE-6010
_bR.90718
999 _c31110
_d31110